| 000 | 00816nas a2200253 4500 | ||
|---|---|---|---|
| 001 | BR0901240 | ||
| 003 | BR-BrBNA | ||
| 005 | 20231205113212.0 | ||
| 007 | ta | ||
| 008 | 230509b bl.|||p| |||| 00| 00por d | ||
| 040 |
_aBR-BrBNA _bpor _cBiblioteca Nacional de Agricultura |
||
| 041 | _a(Pt) | ||
| 072 | _aF60 | ||
| 100 | 1 | _aCanesin, R.C.F.S. | |
| 100 | 1 | _aBuzetti, S. | |
| 245 | 1 | _aEfeito da aplicação foliar de boro e zinco sobre a produção e os teores de sst e att dos frutos da pereira-japonesa e da pinheira | |
| 650 | _aPYRUS PYRIFOLIA | ||
| 650 | _aANNONA SQUAMOSA | ||
| 650 | _aBORO | ||
| 650 | _aZINCO | ||
| 773 | 0 |
_tRevista Brasileira de Fruticultura (Brazil) _xISSN 0100-2945 _g(Aug 2007), v. 29(2) p. 377-381 _wBR0901240 |
|
| 909 |
_a202311 _bLúcia _c55 _dLúcia Elande |
||
| 942 |
_2AGRIS _n0 _cANA |
||
| 999 |
_c202435 _d202435 |
||